Normal view
MARC view
Entry Topical Term
001 - CONTROL NUMBER
- control field: 13838
003 - CONTROL NUMBER IDENTIFIER
- control field: BD-RjUL
005 - DATE AND TIME OF LATEST TRANSACTION
- control field: 20241020104457.0
008 - FIXED-LENGTH DATA ELEMENTS
- fixed length control field: 241020|| aca||aabn | a|a d
040 ## - CATALOGING SOURCE
- Original cataloging agency: BD-RjUL
- Transcribing agency: BD-RjUL
150 ## - HEADING--TOPICAL TERM
- Topical term or geographic name entry element: Sustainable
- Form subdivision: Climatology
670 ## - SOURCE DATA FOUND
- Source citation: Work cat.: (BD-RjUL)84126: Azad, Md. Abul Kalam, Sustainable Management of the Tank Goby Glossogobius Giuris (Hamilton, 1822) in the Garai River Considering Emerging Climate Change /, 2019